000 00623nam a2200205Ia 4500
003 OSt
005 20240504103619.0
008 210210b2011 xxu||||| |||| 00| 0 eng d
020 _a9781907219528
040 _cAL
041 _aKannada
082 _a923K BOLP
100 _aBOLUVARU MAHAMAD KUNHI
_961938
_dಬೊಳುವಾರು ಮಹಮದ್ ಕುಂಞ್.
245 _aPapu Gandhi Gandhi bapu ada kathe
_b ಪಾಪು ಗಾಂಧಿ ಗಾಂಧಿ ಬಾಪು ಆದ ಕಥೆ
260 _aBengaluru
_b-
_c2011
300 _axii,243
690 _aBiography
_961939
906 _a066304
942 _2ddc
_cBK
999 _c90139
_d90139